Statistiques concernant Liste des pays neutres

Cliquez ici pour prendre le quiz!

Statistiques générales

  • Ce quiz a été pris 457 fois
  • Le résultat moyen est 3 sur 9

Statistiques - réponses

HintRéponse% Correct
8Suisse
99%
7Suède
50%
3Finlande
42%
1Autriche
27%
4Irlande
23%
2Costa Rica
21%
5Malte
20%
6Moldavie
8%
9Turkménistan
5%

Distribution des résultats

Percentile par nombre de réponses

% des personnes avec chaque résultat

Votre développement - résultats

Vous n’avez pas pris ce quiz